| 000 | 01109nam a2200229 a 4500 | ||
|---|---|---|---|
| 001 | 000041309 | ||
| 005 | 20201002034757.0 | ||
| 008 | 130930s2000 sp 000 0 spa d | ||
| 020 | _a840007873X | ||
| 040 |
_aDO-SdBNP _bspa _cBNPHU |
||
| 041 | 1 | 7 |
_acat. _2spa _bital. |
| 111 | 2 |
_aCol.loqui Internacional " De l'esclavitud a la llibertat" _d(1999 :27-29 de maig _cBarcelona) _967928 |
|
| 245 | 1 | 0 |
_aDe L' Esclavitud a la Llibertad : _besclaus i lliberts a l'edat mitjana : actes del Col.loqui Internacional celebrat a Barcelona, del 27 al 29 de maig de 1999 / _ceditores María Teresa Ferrer i Mallol, Josefina Mutgé i Vives. |
| 260 |
_aBarcelona : _bInstitució Milà i Fontanals, _c2000. |
||
| 490 | 1 |
_aAnuario de Estudios Medievales. Anexo ; _v38 |
|
| 504 | _aIncluye referencias bibliográficas y notas al pie de las páginas | ||
| 546 | _aPonencias en catalán, español e italiano | ||
| 700 | 1 |
_aFerrer i Mallol, María Teresa, _eed _967929 |
|
| 700 | 1 |
_aMutgé Vives, Josefa, _eed. _967930 |
|
| 710 | 2 |
_aInstitució Milà i Fontanals _963806 |
|
| 830 | 0 |
_aAnuario de Estudios Medievales. Anexo _n38 _967931 |
|
| 999 |
_c40799 _d40799 |
||